Stratégia podnikov pri vstupe do EÚ zborník príspevkov z medzinárodnej vedeckej konferencie, Smolenice 13. decembra 1999

Gespeichert in:
Bibliographische Detailangaben
Körperschaft: Stratégia podnikov pri vstupe do EÚ. Medzinárodná vedecká konferencia
Format: Buch
Sprache:Slowakisch
Tschechisch
Polnisch
Veröffentlicht: Bratislava [Fakulta podnikového manažmentu EU] 1999
Schlagworte:
Tags: Tag hinzufügen
Keine Tags, Fügen Sie das erste Tag hinzu!

MARC

LEADER 00000nam a2200000 4500
001 0127024
005 20240104091751.9
020 |a 80-225-1188-9 
041 0 |a slo 
041 0 |a cze 
041 0 |a pol 
044 |a SK 
245 1 0 |a Stratégia podnikov pri vstupe do EÚ  |b zborník príspevkov z medzinárodnej vedeckej konferencie, Smolenice 13. decembra 1999  |c kolektív autorov 
264 1 |a Bratislava  |b [Fakulta podnikového manažmentu EU]  |c 1999 
300 |a 239 s. 
610 2 0 |a stratégia podniková 
610 2 0 |a integrácia ekonomická medzinárodná 
610 2 0 |a Slovensko 
610 2 0 |a Česko 
610 2 0 |a Poľsko 
610 2 0 |a Európska únia 
110 2 |a Stratégia podnikov pri vstupe do EÚ. Medzinárodná vedecká konferencia